Normal view
MARC view
- Zero-additional-hardware power line communication (PLC).
Entry Topical Term
001 - CONTROL NUMBER
- control field: 67160
003 - CONTROL NUMBER IDENTIFIER
- control field: OSt
005 - DATE AND TIME OF LATEST TRANSACTION
- control field: 20250901152033.0
008 - FIXED-LENGTH DATA ELEMENTS
- fixed length control field: 250901|| aca||babn | a|a d
040 ## - CATALOGING SOURCE
- Original cataloging agency: OSt
150 ## - HEADING--TOPICAL TERM
- Topical term or geographic name entry element: Zero-additional-hardware power line communication (PLC).
